000 00385 a2200169 4500
001 187399
020 _a978-85-99296-16-5
040 _cMagnum
100 _aSack, John R
240 1 0 _aA conspiração franciscana
_lpor
245 1 0 _aA conspiração franciscana
300 _a440
362 0 _a2007
440 1 _aSextante
697 _aLITERATURA GERAL ESTRANGEIRA
942 _cBK
999 _c187399
_d187399